Kadra Polski na MŚ 1986 - Statystyki

Ogólne statystyki
  • Ten quiz został rozwiązany 149 razy
  • Średni wynik to 10 z 23
Statystyki odpowiedzi
Hint Odpowiedź % Poprawnych
20 AS Roma Zbigniew Boniek
100%
1 FC Porto Józef Młynarczyk
87%
11 Widzew Łodź Włodzimierz Smolarek
75%
3 Cremonese Władysław Żmuda
73%
Trener Antoni Piechniczek
71%
21 Legia Warszawa Dariusz Dziekanowski
54%
15 Legia Warszawa Andrzej Buncol
53%
8 Górnik Zabrze Jan Urban
51%
10 Kaiserslautern Stefan Majewki
49%
22 GKS Katowice Jan Furtok
46%
7 Śląsk Wrocław Ryszard Tarasiewicz
46%
5 Widzew Łódź Roman Wójcicki
35%
9 Legia Warszawa Jan Karaś
34%
6 Górnik Zabrze Waldemar Matysik
33%
16 Górnik Zabrze Andrzej Pałasz
32%
12 Legia Warszawa Jacek Kazimierski
32%
14 Legia Warszawa Dariusz Kubicki
30%
19 Górnik Zabrze Józef Wandzik
28%
17 Górnik Zabrze Andrzej Zgutczyński
25%
18 Lech Poznań Krzysztof Pawlak
23%
2 Widzew Łódź Kazimierz Przybyś
22%
4 Pogoń Szczecin Marek Ostrowski
22%
13 Górnik Zabrze Ryszard Komornicki
22%
Nie znaleziono quizów pasujących do podanych kryteriów
Rozkład punktacji
Procent ludzi z każdym wynikiem
Percentyl według liczby udzielonych odpowiedzi
Twoja historia wyników
Nie rozwiązałeś tego quizu